| 000 | 00403 a2200157 4500 | ||
|---|---|---|---|
| 001 | 73186 | ||
| 020 | _a978857302963-5 | ||
| 040 | _cAnchieta - Colégio São Paulo | ||
| 240 | 1 | 0 |
_aDicionário Houaiss da língua portuguesa _lpor |
| 245 | 1 | 0 | _aDicionário Houaiss da língua portuguesa |
| 300 | _a1986 | ||
| 362 | 0 | _a2009 | |
| 440 | 1 | _aObjetiva | |
| 650 | 4 | _aObras enciclopédicas gerais | |
| 942 | _cBK | ||
| 999 |
_c73186 _d73186 |
||